Statistics for 10 Most Populous Native American Tribes Today

Click here to take the quiz!

General Stats

  • This quiz has been taken 36 times
  • The average score is 5 of 10

Answer Stats

PopulationTribe% Correct
298,197Navajo
88%
153,360Sioux
76%
96,833Apache
71%
729,533Cherokee
71%
80,822Iroquois
50%
71,310Creek
32%
85,750Blackfeet
29%
158,374Choctaw
26%
99,704Chippewa
21%
74,085Pueblo
21%

Score Distribution

Percentile by Number Answered

Percent of People with Each Score

Your Score History

You have not taken this quiz